10 größten Autokonzerne - 2025 - Statistiken

Allgemein
  • Dieses Quiz wurde 118 mal gespielt
  • Das Durchschnittsergebnis liegt bei 6 aus 10
Antwortstatistiken
Umsatz in $ Konzern % Korrekt
147,4 Mrd. BMW
95%
150,1 Mrd. Mercedes
94%
335,1 Mrd. Volkswagen
91%
185,0 Mrd. Ford
81%
305,1 Mrd. Toyota
81%
191,1 Mrd. Hyundai
66%
129,6 Mrd. Honda
59%
187,4 Mrd. General Motors
40%
162,4 Mrd. Stellantis
14%
88,0 Mrd. SAIC
3%
Keine übereinstimmenden Quizze gefunden
Verteilung der Resultate
Anzahl Personen mit jedem Resultat
Perzentil nach korrekt beantworteten Fragen
Ihre Resultats-Entwicklung
Sie haben dieses Quiz noch nicht gespielt